000 00720nam a2200205Ii 4500
003 JO-AjNU
008 230605s9999||||xx |||||||||||||| ||und||
017 _a1972/3158
040 _aJO-AjNU
_bara
_erda
_cJO-AjNU
041 _aara
050 1 4 _aBF121.F37 1972
100 3 _aهافمان، ارنست ؛ ترجمة محمد ابراهيم زيد؛ مراجعة عماد الدين سلطان,
_eauthor
_938908
245 0 0 _aعصر علم النفس
264 3 1 _aالقاهرة: الهيئة المصرية العامة للكتاب، 1972
300 _a135ص
336 _atext
_btxt
_2rdacontent
337 _aunmediated
_bn
_2rdamedia
338 _avolume
_bnc
_2rdacarrier
650 4 _aعلم النفس
_938909
999 _aA16388
_c19956
_d19956